000 00716nam a22002177a 4500
003 0
005 20251117083241.0
008 251117b xxu||||| |||| 00| 0 eng d
020 _a0-7868-6717-5
050 _aDS 154.55
_b.A44 2003
100 _aAl Hussein, Noor,
_eauthor.
245 _aLeap of faith :
_bmemoirs of an unexpected life /
_cAl Hussein Noor.
260 _aNew York, NY :
_bHyperion,
_c2003.
300 _axi, 467 pages :
_billustrations ;
_c25 cm.
504 _aIncludes index.
650 _aNoor, Queen, consort of Hussein, King of Jordan, 1951–
_xBiography.
650 _aQueens
_zJordan
_xBiography.
650 _aAutobiographies.
650 _aJordan
_xHistory
_v20th century.
942 _2lcc
_cBK
999 _c368655
_d368655